000 00599nam a22002177a 4500
003 OSt
005 20140310181917.0
008 130716t xxu||||| |||| 00| 0 eng d
020 _a0722508832
050 _aRJ 490
_b.B7 1984
082 _aTR 618.92
_bB7 1984
100 _aBarnes, Belinda
_91099
245 _aThe hyperactive child /
_cBelinda Barnes, Irene Colguhoun
260 _aEngland :
_bThorsons Publishing group,
_cc1984.
300 _a124 p.
_c20 cm.
521 _aFaculty
541 _j1
562 _e1
650 _aHyperactive children
_91100
942 _2lcc
_cBK-TR
_kTR
999 _c6808
_d6808